000
00310nam a2200133Ia 4500
008
191201s2002 xx 000 0 und d
100
_a
BARRETT, Jim
245
0
_a
Test Your Own Aptitude
250
_a
2nd
260
_a
N.Delhi
_b
Kogan Page India
_c
2002
300
_a
213
650
_a
Applied
942
_2
ddc
_c
BK
999
_c
1743
_d
1743